000 00476nam a2200169Ia 4500
003 IN-BaIIA
008 211028s9999 xx 000 0 eng d
040 _cIIA Library
080 _a531.3
_bTIM
100 _aTimoshenko, S.
_91623
245 0 _aAdvanced dynamics
_cS. Timoshenko and D. H. Young
260 _aNew York
_bMcGraw-Hill
_c1948
300 _axii, 400p.
650 _aDynamics
_91519
700 _aYoung, D. H.
_91624
942 _cBK
999 _c756
_d756